billie eilish songs - Statistiques

Statistiques générales
  • Ce quiz a été pris 164 fois
  • Le résultat moyen est 7 sur 15
Statistiques - réponses
Hint Réponse % Correct
6 bad guy
83%
15 Birds of a Feather
72%
9 Happier Than Ever
71%
12 i love you
67%
2 ocean eyes
61%
13 Lovely
60%
3 lunch
52%
1 watch
39%
10 idontwannabeyouanymore
38%
11 TV
34%
7 when the party's over
34%
8 everything i wanted
31%
4 l'amour de ma vie
30%
14 Therefore I Am
29%
5 greatest
3%
Aucun quiz correspondant
Distribution des résultats
% des personnes avec chaque résultat
Percentile par nombre de réponses
Votre historique - résultats
Vous n’avez pas pris ce quiz